00239nam a2200097 a 450000500170000000800410001705000140005810000060007224500330007826000300011120140414131925.0101027s19uu xx 00 eng d aERbW55  a  aWhat does baby Mickey find?. bGolden Book.aNew York :